L'habitat collectif : problème urbain /

Obra que presenta las respuestas arquitectónicas para la vivienda después de la Primera Guerra Mundial en Francia y hasta 1955. El autor describe de forma detallada cómo era la distribución funcional de los departamentos y agrupa su análisis en tres categorías: condominios de menos de cinco pisos, c...

Ful tanımlama

Kaydedildi:
Detaylı Bibliyografya
Yazar: Rambert, Charles (autor)
Materyal Türü: Kitap
Dil:Fransızca
Seri Bilgileri:(L'Architecture Française de Nos Jours)
Konular:
Etiketler: Etiketle
Etiket eklenmemiş, İlk siz ekleyin!

MARC

LEADER 00000nam^a2200000^a^4500
001 000184965
005 20250526000000.0
009 20260310102133.998
037 |a Acervo ITESO - Biblioteca 
041 |a FRA 
082 |a 720. 94408  |b RAM 
100 |a Rambert, Charles  |e (autor) 
245 1 1 |a L'habitat collectif :  |b problème urbain /  |c C. Rambert ; pref. de Jacques Duvaux. 
264 |a París, Francia :  |b Vincent, Fréal et Compagnie,  |c 1956 
300 |a 142 p. ;  |c 22.0 cm. 
336 |a texto  |b txt  |2 rdacontenido 
337 |a sin mediación  |b n  |2 rdamedio 
338 |a volumen  |b nc  |2 rdasoporte 
440 2 |a (L'Architecture Française de Nos Jours) 
520 |a Obra que presenta las respuestas arquitectónicas para la vivienda después de la Primera Guerra Mundial en Francia y hasta 1955. El autor describe de forma detallada cómo era la distribución funcional de los departamentos y agrupa su análisis en tres categorías: condominios de menos de cinco pisos, condominios verticales y de lujo; además, presenta planos de cada uno de ellos. 
649 |a XX 
650 |a Departamentos -  |z Francia 
650 |a Condominios -  |z Francia -  |x Tema Principal 
650 |a Unidades Habitacionales -  |z Francia 
650 |a Vivienda -  |z Francia -  |x Historia -  |y Siglo XX 
650 |a Arquitectura Francesa -  |y Siglo XX 
650 |a Arquitectura Francesa -  |x Historia y Crítica 
650 |a Problemática Habitacional -  |z Francia -  |x Historia -  |y Siglo XX 
650 |a Diseño Urbano -  |z Francia -  |x Historia -  |y Siglo XX 
650 |a Desarrollo Urbano -  |z Francia -  |x Historia -  |y Siglo XX 
650 |a Urbanismo -  |z Francia -  |x Historia -  |y Siglo XX 
910 |a Fondo Julio de la Peña Lomelín 
920 |a Impresos - Libros 
930 |a Libros Antiguos y Raros 
940 |a Arquitectos Jaliscienses 
905 |a 108 
901 |a 0500125816  |b IT2  |c LRA  |u 20250526 
902 |a https://opac.biblio.iteso.mx/vufind/Record/000184965